000 00688nam a22002297a 4500
999 _c34239
_d34239
001 3591
003 CO-MdFUSB
005 20180622073138.0
008 180320t1960 mx ||||| |||| 00| 0 spa d
040 _aCO-MdFUSB
_bspa
_cCO-MdFUSB
_dCO-MdFUSBC
_erda
041 0 _aspa
082 0 4 _aG 227.4 L5669c
100 1 _aLenkersdorf, Carlos H.
_eautor
245 0 _aComentario sobre la epístola a los Gálatas
_c / Carlos H. Lenkersdorf
264 4 _aMéxico, D.F. :
_b Escudo,
_c©1960
300 _a141 Pag
336 _2rdacontent
_atexto
_btxt
337 _2rdamedia
_asin mediación
_bn
338 _2rdacarrier
_avolumen
_bnc
653 _aBiblia N.T. - Gálatas - Comentarios
942 _cBK